000 00984nam a2200349 a 4500
003 AR-BaBNM
005 20251128204710.0
008 082120s2002 ||||||||||||||000 | spa||
020 _a950-503-140-8
040 _cAR-BaBNM
100 1 _aHerz, Enrique Germán
245 0 0 _aComposición para maestros
250 _a1ª ed.
260 _aBuenos Aires
_bMarymar
_c1987
300 _a127 p.
_bil., diagr.
490 0 _aEl maestro en su acción cotidiana. Desarrollos curriculares
504 _aBibliografía: p. 127
650 4 _aCOMPOSICION LITERARIA
650 4 _aFORMACION DE DOCENTES
650 4 _aDESARROLLO DEL VOCABULARIO
650 4 _aGENEROS LITERARIOS
650 4 _aAPRECIACION LITERARIA
650 4 _aENSEÑANZA DE LA EXPRESION ORAL
650 4 _aMETODOS DE ESTUDIO
650 4 _aREDACCION
653 _aENSENANZA DE LA LENGUA
653 _aRETRATO
653 _aNARRATIVA
800 1 _aRatto, Jorge A.
_edirector
942 _cBK
998 _cSILVI
999 _c8474
_d8474